| 000 -LEADER |
| fixed length control field |
01677cam a2200313 a 4500 |
| 001 - CONTROL NUMBER |
| control field |
13675185 |
| 003 - CONTROL NUMBER IDENTIFIER |
| control field |
NUST |
| 005 - DATE AND TIME OF LATEST TRANSACTION |
| control field |
20230224093329.0 |
| 008 - FIXED-LENGTH DATA ELEMENTS--GENERAL INFORMATION |
| fixed length control field |
031217r20031912pk b 001 0 eng |
| 010 ## - LIBRARY OF CONGRESS CONTROL NUMBER |
| LC control number |
2003343407 |
| 020 ## - INTERNATIONAL STANDARD BOOK NUMBER |
| International Standard Book Number |
9693515099 |
| 025 ## - OVERSEAS ACQUISITION NUMBER |
| Overseas acquisition number |
P-E-2003343407; 17 |
| 035 ## - SYSTEM CONTROL NUMBER |
| System control number |
(DLC) 2003343407 |
| 040 ## - CATALOGING SOURCE |
| Original cataloging agency |
DLC |
| Transcribing agency |
DLC |
| Modifying agency |
DLC |
| 042 ## - AUTHENTICATION CODE |
| Authentication code |
lcode |
| 043 ## - GEOGRAPHIC AREA CODE |
| Geographic area code |
a-pk--- |
| 050 00 - LIBRARY OF CONGRESS CALL NUMBER |
| Classification number |
DS392.N67 |
| Item number |
W95 2003 |
| 082 00 - DEWEY DECIMAL CLASSIFICATION NUMBER |
| Classification number |
954.912,WHY |
| Edition number |
22 |
| 100 1# - MAIN ENTRY--PERSONAL NAME |
| Personal name |
Wylly, H. C. |
| Fuller form of name |
(Harold Carmichael), |
| Dates associated with a name |
1858-1932. |
| 9 (RLIN) |
3756 |
| 245 10 - TITLE STATEMENT |
| Title |
From the black mountain to Waziristan / |
| Statement of responsibility, etc. |
by H.C. Wylly; with an introduction by, Horace L. Smith Dorrien. |
| 260 ## - PUBLICATION, DISTRIBUTION, ETC. |
| Place of publication, distribution, etc. |
Lahore : |
| Name of publisher, distributor, etc. |
Sang-e-Meel Publications, |
| Date of publication, distribution, etc. |
2003. |
| 300 ## - PHYSICAL DESCRIPTION |
| Extent |
336 p. ; |
| Dimensions |
25 cm. |
| 505 ## - FORMATTED CONTENTS NOTE |
| Formatted contents note |
Introduction (Page-11), The Bordekland (Page-13), Black Mountain Tribes (Page-27), Yusafzais and Gaduns (Page-46), Yusatzais and Gaduns: Operations (Page-57), Akozais (Swat) (Page-80), Utman Khels (Page-102), Clans Of Bajai7r And Die (Page-110), Chitealis (Page-128), Mohmands (Page-145), Mohmands: Opeeations (Page-155), Afridis (Page-177), Afridis: Operations (Page-189), Khyber Pass Afridis: Operations (Page-202), Orakzais (Page-233), Orakzais: Operations (Page-243), Bangash: Zaimukhts : Chamkannis : Turis (Page-259), Waziristan And Its Tribes (Page-277), Wazirs: Operations (Page-288). |
| 650 #0 - SUBJECT ADDED ENTRY--TOPICAL TERM |
| Topical term or geographic name entry element |
Ethnology |
| Geographic subdivision |
Pakistan |
| -- |
Khyber Pakhtunkhwa. |
| 9 (RLIN) |
3757 |
| 651 #0 - SUBJECT ADDED ENTRY--GEOGRAPHIC NAME |
| Geographic name |
Khyber Pakhtunkhwa (Pakistan) |
| General subdivision |
History, Military. |
| 9 (RLIN) |
3758 |
| 906 ## - LOCAL DATA ELEMENT F, LDF (RLIN) |
| a |
7 |
| b |
cbc |
| c |
origode |
| d |
3 |
| e |
ncip |
| f |
20 |
| g |
y-gencatlg |
| 942 ## - ADDED ENTRY ELEMENTS (KOHA) |
| Source of classification or shelving scheme |
|
| Koha item type |
Book |
| Call number prefix |
954.912,WHY |